Music Quiz

Random Music or Song Quiz

Famous Song by Guitar Clip Quiz Stats

Quiz Updated Aug 11, 2016

Challenge
Share
Tweet
Score 0/50 Timer 20:00
0 Plays Today
Time Song % Correct
0:00-0:12Dream On
85.2%
1:39-1:55Smoke on the Water
82.7%
4:59-5:09Hit Me with Your Best Shot
65.9%
8:06-8:21(Don't Fear) the Reaper
64.9%
2:17-2:30Wonderful Tonight
59.9%
7:07-7:20Pinball Wizard
57.9%
0:22-0:36While My Guitar Gently Weeps
56.7%
5:52-6:00Mrs. Robinson
55.2%
8:36-8:53Sunshine of Your Love
55.1%
9:39-9:51Money for Nothing
54.9%
2:54-3:04Wake Me Up When September Ends
54.3%
3:04-3:17November Rain
53.9%
2:09-2:17Break on Through
53.7%
4:48-4:59Heart-shaped Box
51.1%
6:29-6:41Bang a Gong (Get it On)
50.7%
5:22-5:34Crazy Little Thing Called Love
49.5%
4:34-4:48Nothing Else Matters
48.9%
5:09-5:22Time
45.8%
7:32-7:45Ramblin' Man
43.9%
1:12-1:25Up Around the Bend
43.9%
5:34-5:43Otherside
41.4%
0:54-1:01Good Times Roll
39.9%
6:55-7:07Mysterious Ways
37.3%
3:54-4:07Wheel in the Sky
36.5%
2:44-2:54Slide
35.7%
Time Song % Correct
1:25-1:39Don't Dream It's Over
33.7%
5:43-5:52The Spirit of Radio
31.4%
7:53-8:06Piece of My Heart
30.7%
4:07-4:18Going to California
30.6%
6:14-6:29Interstate Love Song
29.4%
2:30-2:44Times Like These
27%
0:48-0:54Smokin'
23.4%
3:42-3:54Operator (That's Not the Way It Feels)
22.7%
3:17-3:28Hold My Hand
22.2%
3:28-3:42Somebody to Love
20.8%
1:01-1:12Round Here
18.8%
0:12-0:22Day After Day
16.2%
6:00-6:14Outside
14.8%
7:45-7:53Up on Cripple Creek
14.1%
8:21-8:25The Letter
12.6%
9:24-9:39Bringin' on the Heartbreak
12.3%
4:22-4:34Bent
11.9%
8:25-8:36Father and Son
11.4%
4:18-4:22Selling the Drama
7.9%
9:07-9:24Leader of the Band
7.6%
6:41-6:55Something in the Air
6.1%
1:55-2:09Thunderhorse
4.6%
7:20-7:32Starship Trooper
3.2%
8:53-9:07Guinnevere
2.9%
0:36-0:48I Love You More Than You'll Ever Know
1.7%

You're not logged in!

Compare scores with friends on all Sporcle quizzes.
Join for Free
OR
Log In

You Might Also Like...

Show Comments

Extras

Top Quizzes Today


Score Distribution

Your Account Isn't Verified!

In order to create a playlist on Sporcle, you need to verify the email address you used during registration. Go to your Sporcle Settings to finish the process.

Report this User

Report this user for behavior that violates our Community Guidelines.

Details: